[Event " Cto de Aragon Equipos  Play-offs Pref "]
[Site "Zaragoza"]
[Date "2014.03.30"]
[Round "10.39"]
[White "Colom Sienes, Eduardo"]
[Black "Gines Esteo, Pedro Antonio"]
[Result "1-0"]
[WhiteElo "2042"]
[BlackElo "1778"]
[PlyCount "69"]
[EventDate "2014.??.??"]
[WhiteTeam "CMU Pedro Cerbuna"]
[BlackTeam "IberCaja B "]

1. e4 e5 2. f4 Bc5 3. Nf3 d6 4. Bc4 Nc6 5. d3 Bg4 6. c3 Qe7 7. h3 Bxf3 8. Qxf3
a6 9. Nd2 Na5 10. b4 Nxc4 11. Nxc4 Ba7 12. fxe5 dxe5 13. Qh5 O-O-O 14. Ke2 f6
15. Be3 Qd7 16. Qg4 Bxe3 17. Nxe3 Qxg4+ 18. hxg4 Ne7 19. Raf1 h6 20. a4 Rd7 21.
Rb1 Rhd8 22. Rhd1 b6 23. b5 a5 24. c4 Rd4 25. Rb3 Kb7 26. Rc1 R8d7 27. c5 bxc5
28. Nc4 Ng6 29. g3 Nf8 30. Nxa5+ Kb6 31. Nc4+ Kb7 32. b6 cxb6 33. Nxb6 Rd8 34.
Rxc5 Ne6 35. Nc4+ 1-0

[Event " Cto de Aragon Equipos  Play-offs Pref "]
[Site "Zaragoza"]
[Date "2014.03.30"]
[Round "10.40"]
[White "Torcal Miguel, Oscar"]
[Black "Izquierdo Lupon, Jose Manuel"]
[Result "1/2-1/2"]
[WhiteElo "1697"]
[BlackElo "1624"]
[PlyCount "63"]
[EventDate "2014.??.??"]
[WhiteTeam "IberCaja B "]
[BlackTeam "CMU Pedro Cerbuna"]

1. e4 c5 2. Nf3 Nc6 3. d4 cxd4 4. Nxd4 g6 5. Nc3 Bg7 6. Be3 Nf6 7. Bc4 O-O 8.
f3 Qb6 9. Qd2 Qxb2 10. Rb1 Qa3 11. Nb3 d6 12. f4 Be6 13. Be2 a6 14. e5 Ne8 15.
g4 b5 16. Qd1 Bxb3 17. Rxb3 Qa5 18. a4 dxe5 19. Qd5 Rc8 20. axb5 Nd4 21. Bxd4
exd4 22. bxa6 Rc5 23. Qb7 Nd6 24. Qxe7 Rxc3 25. Rxc3 Qxc3+ 26. Kf1 Qh3+ 27. Kf2
Qe3+ 28. Qxe3 dxe3+ 29. Kxe3 Rc8 30. Bd3 Re8+ 31. Kf3 Bd4 32. Rb1 1/2-1/2

[Event " Cto de Aragon Equipos  Play-offs Pref "]
[Site "Zaragoza"]
[Date "2014.03.30"]
[Round "10.41"]
[White "Mimbela Lopez, Luis"]
[Black "Turon Perez, David"]
[Result "1/2-1/2"]
[WhiteElo "2084"]
[BlackElo "1924"]
[PlyCount "71"]
[EventDate "2014.??.??"]
[WhiteTeam "Agrupacion B"]
[BlackTeam "Tauste B"]

1. d4 Nf6 2. Nf3 d5 3. e3 Bf5 4. Bd3 Bxd3 5. cxd3 e6 6. Qb3 b6 7. O-O Bd6 8.
Nc3 O-O 9. e4 Be7 10. Bf4 c5 11. dxc5 bxc5 12. exd5 Nxd5 13. Nxd5 Qxd5 14. Qxd5
exd5 15. d4 cxd4 16. Nxd4 Nd7 17. Rac1 Bf6 18. Be3 Rfc8 19. b3 Bxd4 20. Bxd4
Nf8 21. Rxc8 Rxc8 22. a4 a6 23. Rd1 h6 24. Kf1 Rb8 25. Rd3 Ne6 26. g3 Nxd4 27.
Rxd4 Rxb3 28. Rxd5 Rb4 29. Ra5 Rb6 30. Ke2 g5 31. Ke3 Kg7 32. f4 gxf4+ 33. Kxf4
Re6 34. h4 Rf6+ 35. Ke4 Rg6 36. Kf4 1/2-1/2

[Event " Cto de Aragon Equipos  Play-offs Pref "]
[Site "Zaragoza"]
[Date "2014.03.30"]
[Round "10.42"]
[White "Muro Turon, Raul"]
[Black "Navarro Sancho, Rafael"]
[Result "1-0"]
[WhiteElo "1870"]
[BlackElo "1757"]
[PlyCount "133"]
[EventDate "2014.??.??"]
[WhiteTeam "Tauste B"]
[BlackTeam "Agrupacion B"]

1. e4 g6 2. d4 Bg7 3. Nc3 d6 4. Be3 Nf6 5. h3 c6 6. a4 Nbd7 7. Nf3 Qa5 8. Nd2
O-O 9. Be2 e5 10. Nb3 Qc7 11. dxe5 dxe5 12. Qd2 b6 13. O-O-O Bb7 14. Qd6 Qxd6
15. Rxd6 Rfd8 16. Rhd1 Bf8 17. R6d2 Be7 18. f3 Nf8 19. a5 Rxd2 20. Rxd2 b5 21.
Bc5 Bd8 22. Bxf8 Kxf8 23. Nc5 Ne8 24. Nxb7 Bg5 25. Kd1 Bxd2 26. Kxd2 a6 27. Ke3
Nc7 28. Nc5 Ke7 29. Na2 Kd6 30. Nb7+ Ke7 31. Nc1 Ne6 32. Nd3 f6 33. c3 Nc7 34.
Bd1 Rb8 35. Nbc5 Rg8 36. b3 g5 37. c4 h5 38. Be2 Rb8 39. cxb5 cxb5 40. b4 h4
41. Bd1 Rg8 42. Bb3 Rh8 43. Bd5 Rb8 44. Bc6 Rh8 45. Nb3 Ne6 46. Ndc5 Nf4 47.
Kf2 Rd8 48. Nxa6 Rc8 49. Bxb5 Rc2+ 50. Kg1 Rxg2+ 51. Kh1 Rb2 52. Bc4 Nxh3 53.
b5 Nf2+ 54. Kg1 h3 55. b6 h2+ 56. Kxh2 Nxe4+ 57. Kg1 Nd6 58. Bd5 f5 59. Nac5
Rb1+ 60. Kf2 Rb2+ 61. Ke3 g4 62. fxg4 fxg4 63. a6 Nf5+ 64. Ke4 Kf6 65. Nd7+ Ke7
66. Kxf5 Kxd7 67. a7 1-0

[Event " Cto de Aragon Equipos  Play-offs Pref "]
[Site "Zaragoza"]
[Date "2014.03.30"]
[Round "10.43"]
[White "Zubialde Ayala, Gonzalo"]
[Black "Garcia Montolar, Cesar"]
[Result "1-0"]
[WhiteElo "1731"]
[BlackElo "1836"]
[PlyCount "180"]
[EventDate "2014.??.??"]
[WhiteTeam "Agrupacion B"]
[BlackTeam "Tauste B"]

1. e4 e5 2. Bc4 Nf6 3. d3 Nc6 4. Nc3 d6 5. f4 Qe7 6. Nf3 h6 7. fxe5 Nxe5 8.
Nxe5 dxe5 9. Be3 Be6 10. Bb5+ Bd7 11. Bxd7+ Qxd7 12. Qf3 Bd6 13. Qg3 Qg4 14.
Qf2 a6 15. Bc5 O-O-O 16. Bxd6 Rxd6 17. h3 Qg5 18. O-O b6 19. Qf5+ Qxf5 20. Rxf5
Re8 21. Raf1 Kd7 22. Nd5 Nxd5 23. exd5 f6 24. c4 c6 25. dxc6+ Kxc6 26. R5f3
Red8 27. Rg3 R8d7 28. Rff3 b5 29. b4 Rd4 30. a3 bxc4 31. dxc4 Rxc4 32. Rg6 Kb5
33. Rfg3 Rcc7 34. Re3 Kc4 35. Rgg3 Kd5 36. Kf2 Ke6 37. Rb3 g5 38. b5 axb5 39.
Rxb5 Rd6 40. Re3 Rcc6 41. Kf3 f5 42. Rexe5+ Kd7 43. Re3 Rd1 44. Rxf5 Rf1+ 45.
Ke4 Re6+ 46. Re5 Rd6 47. Rd5 Rf4+ 48. Ke5 Rxd5+ 49. Kxd5 Rf5+ 50. Ke4 Rf4+ 51.
Ke5 Rf2 52. g4 Rf4 53. Rb3 Kc7 54. Kd5 Rf1 55. Kc5 Rc1+ 56. Kb5 Re1 57. a4 Re5+
58. Ka6 Re6+ 59. Ka7 Re5 60. Rc3+ Kd7 61. Ra3 Kc6 62. Rc3+ Kd7 63. Kb6 Re6+ 64.
Kc5 Re5+ 65. Kb4 Re4+ 66. Ka3 Re5 67. Kb3 Re1 68. a5 Ra1 69. Kb4 Rb1+ 70. Rb3
Ra1 71. Kb5 Kc7 72. Ka6 Rh1 73. Kb5 Ra1 74. Ka6 Rh1 75. Ka7 Ra1 76. a6 Rh1 77.
Rc3+ Kd7 78. Rf3 Kc7 79. Rb3 Rh2 80. Rb7+ Kc8 81. Kb6 Rxh3 82. Rc7+ Kd8 83. a7
Rb3+ 84. Kc5 Rc3+ 85. Kd4 Rxc7 86. a8=Q+ Ke7 87. Kd5 Kf7 88. Kd6 Re7 89. Qd5+
Kf8 90. Qf5+ Ke8 1-0

[Event " Cto de Aragon Equipos  Play-offs Pref "]
[Site "Zaragoza"]
[Date "2014.03.30"]
[Round "10.44"]
[White "San Lazaro Lorente, David"]
[Black "Manguez Tomas, Andres"]
[Result "1/2-1/2"]
[WhiteElo "1778"]
[BlackElo "1673"]
[PlyCount "83"]
[EventDate "2014.??.??"]
[WhiteTeam "Tauste B"]
[BlackTeam "Agrupacion B"]

1. d4 d5 2. Nf3 e6 3. e3 f5 4. g3 Nf6 5. Bg2 Bd6 6. O-O O-O 7. c4 c6 8. Nc3
Nbd7 9. b3 b6 10. cxd5 exd5 11. Qc2 Qe7 12. Bb2 Ba6 13. Rfc1 Ne4 14. Qd1 Rac8
15. Rc2 Rf6 16. Rac1 Bb8 17. Nxd5 cxd5 18. Rxc8+ Bxc8 19. Rxc8+ Rf8 20. Rxf8+
Nxf8 21. Qc2 Qd7 22. Ba3 Ne6 23. Nd2 Nc7 24. Nxe4 fxe4 25. Bf1 Qe6 26. h4 Kf7
27. Kh2 Qf6 28. Kg2 Qf3+ 29. Kg1 Qf6 30. Bh3 Ke8 31. Bb4 Qg6 32. a4 Qf6 33. a5
Kf7 34. Bc8 Ne8 35. Bb7 Nc7 36. Qc6 Ne6 37. Qxd5 Kg6 38. Qxe4+ Kh6 39. axb6
axb6 40. Bd2 g6 41. Kg2 Kg7 42. Bd5 1/2-1/2

[Event " Cto de Aragon Equipos  Play-offs Pref "]
[Site "Zaragoza"]
[Date "2014.03.30"]
[Round "10.45"]
[White "Malo Guillen, Jose Luis"]
[Black "Aparicio Navarro, Pedro"]
[Result "1/2-1/2"]
[WhiteElo "2211"]
[BlackElo "2169"]
[PlyCount "41"]
[EventDate "2014.??.??"]
[WhiteTeam "Las Fuentes"]
[BlackTeam "Helios B"]

1. c4 Nf6 2. Nf3 c5 3. Nc3 Nc6 4. g3 d5 5. cxd5 Nxd5 6. Bg2 Nc7 7. O-O e5 8. d3
Be7 9. Nd2 O-O 10. Nc4 f6 11. f4 exf4 12. Bxf4 Be6 13. Qb3 Rb8 14. Qa4 g5 15.
Bxc7 Qxc7 16. Nd5 Qd7 17. Nxe7+ Qxe7 18. Bxc6 bxc6 19. Qxc6 Bxc4 20. dxc4 Rxb2
21. e4 1/2-1/2

[Event " Cto de Aragon Equipos  Play-offs Pref "]
[Site "Zaragoza"]
[Date "2014.03.30"]
[Round "10.46"]
[White "Montes Santos, Lorenzo"]
[Black "Alonso Blasco, Jose Miguel"]
[Result "1/2-1/2"]
[WhiteElo "2049"]
[BlackElo "2105"]
[PlyCount "80"]
[EventDate "2014.??.??"]
[WhiteTeam "Helios B"]
[BlackTeam "Las Fuentes"]

1. Nf3 Nf6 2. c4 e6 3. g3 d5 4. Bg2 dxc4 5. Qa4+ Nbd7 6. O-O c5 7. Qxc4 a6 8.
Qc2 Bd6 9. d4 cxd4 10. Nxd4 O-O 11. Nc3 Qc7 12. Bg5 h6 13. Bxf6 Nxf6 14. Rac1
Be5 15. Rfd1 Rd8 16. Nf3 Rxd1+ 17. Qxd1 Bxc3 18. Rxc3 Qa5 19. Rd3 e5 20. Rd8+
Kh7 21. Qc2+ e4 22. Rxc8 Rxc8 23. Qxc8 exf3 24. Bxf3 b6 25. Qc4 Kg8 26. Qc8+
Kh7 27. Qc4 Kg8 28. a3 Qe5 29. Qc8+ Kh7 30. Qc2+ Kg8 31. Kg2 a5 32. b4 axb4 33.
axb4 g6 34. Qc6 Qe6 35. Qxe6 fxe6 36. Kf1 e5 37. e3 Kf7 38. Ke1 Ke6 39. Bd1 Kd5
40. Bb3+ Kc6 1/2-1/2

[Event " Cto de Aragon Equipos  Play-offs Pref "]
[Site "Zaragoza"]
[Date "2014.03.30"]
[Round "10.48"]
[White "Flores Samperiz, Jorge"]
[Black "Javierre Conesa, Alfonso"]
[Result "0-1"]
[WhiteElo "1973"]
[BlackElo "1989"]
[PlyCount "82"]
[EventDate "2014.??.??"]
[WhiteTeam "Helios B"]
[BlackTeam "Las Fuentes"]

1. d4 d5 2. c4 c6 3. Nc3 Nf6 4. e3 e6 5. Nf3 Nbd7 6. a3 Be7 7. b4 a6 8. c5 Qc7
9. Bb2 e5 10. dxe5 Nxe5 11. Be2 Nxf3+ 12. Bxf3 Bf5 13. Qe2 O-O 14. g4 Be4 15.
g5 Bxf3 16. Qxf3 Nd7 17. Ne2 Ne5 18. Qf5 f6 19. Nf4 Qc8 20. Qxc8 Raxc8 21.
O-O-O Nc4 22. Ne6 Rf7 23. g6 hxg6 24. Rdg1 g5 25. h4 Nxb2 26. Kxb2 Re8 27. f4
Bd8 28. f5 a5 29. Rg2 axb4 30. axb4 Bc7 31. h5 Be5+ 32. Kb3 Ree7 33. Ra2 Re8
34. Ra3 Kh7 35. Kc2 Rd7 36. Kd3 Kh6 37. e4 dxe4+ 38. Kxe4 Rb8 39. Kf3 Rd2 40.
Kg4 Rg2+ 41. Kf3 Rg3+ 0-1

[Event "Cto Aragón Equipos  Div Honor F. Titulo"]
[Site "Aragon"]
[Date "2014.03.30"]
[Round "11.1"]
[White "Forcen Esteban, Daniel"]
[Black "Adla, Diego"]
[Result "1-0"]
[WhiteElo "2501"]
[BlackElo "2471"]
[PlyCount "79"]
[EventDate "2014.??.??"]
[WhiteTeam "Jaime Casas"]
[BlackTeam "St. Casablanca"]

1. d4 e6 2. Nf3 Nf6 3. e3 b6 4. Bd3 Bb7 5. O-O c5 6. c4 Be7 7. Nc3 cxd4 8. exd4
d5 9. cxd5 Nxd5 10. Ne5 O-O 11. Qg4 f5 12. Qe2 Bf6 13. Bc4 Re8 14. Rd1 Nc6 15.
Nxd5 exd5 16. f4 Rc8 17. Bb5 Re7 18. Qd3 g6 19. Bd2 Rec7 20. a3 Kg7 21. b4 Ne7
22. h3 Bc6 23. Ba6 Bb7 24. Bxb7 Rxb7 25. b5 Rbc7 26. Bb4 Bxe5 27. dxe5 Rc4 28.
Qf3 d4 29. Bd6 Qd7 30. Rd3 Ng8 31. a4 Nh6 32. Qd5 Qd8 33. e6 Ng8 34. Rxd4 Rxd4
35. Qxd4+ Kh6 36. Rd1 Rc2 37. Qd3 Qc8 38. Bf8+ Kh5 39. Qf3+ Kh4 40. Rd3 1-0

[Event "Cto Aragón Equipos  Div Honor F. Titulo"]
[Site "Aragon"]
[Date "2014.03.30"]
[Round "11.2"]
[White "Glavina, Pablo"]
[Black "Garza Marco, Sergio"]
[Result "0-1"]
[WhiteElo "2444"]
[BlackElo "2447"]
[PlyCount "122"]
[EventDate "2014.??.??"]
[WhiteTeam "St. Casablanca"]
[BlackTeam "Jaime Casas"]

1. e4 d6 2. d4 Nf6 3. Nc3 g6 4. f4 Bg7 5. Nf3 O-O 6. e5 Nfd7 7. Bc4 Nb6 8. Bb3
Nc6 9. O-O Na5 10. Qe2 Nxb3 11. axb3 c6 12. Be3 Qc7 13. h3 Nd5 14. Nxd5 cxd5
15. c4 dxc4 16. bxc4 b6 17. Bf2 Bb7 18. d5 e6 19. Rfd1 Rfe8 20. dxe6 Rxe6 21.
Ng5 Qc6 22. Qf3 Qc8 23. Qd3 Qc6 24. Qf3 Qc8 25. Qd3 Qc6 26. Qd5 Qxd5 27. cxd5
Re7 28. exd6 Rd7 29. Ne4 f5 30. Nc3 Bf8 31. Ra4 Rxd6 32. Nb5 Rxd5 33. Rxd5 Bxd5
34. Rxa7 Rxa7 35. Nxa7 Bg7 36. b4 Bf8 37. b5 Bc5 38. Bxc5 bxc5 39. Kf2 Kf7 40.
g3 Ke6 41. Ke3 Bg2 42. b6 Kd6 43. h4 Bb7 44. Kd3 Ba6+ 45. Kc3 Kd5 46. h5 gxh5
47. Nb5 Kc6 48. Nc7 Bc8 49. Ne8 h6 50. Nc7 Kxb6 51. Nd5+ Kb5 52. Ne3 Be6 53.
Nc2 Ka4 54. Ne3 Kb5 55. Nc2 Kc6 56. Ne3 Kd6 57. Kd3 Ke7 58. Kc3 Kf6 59. Nc4
Bxc4 60. Kxc4 h4 61. gxh4 Kg6 0-1

[Event "Cto Aragón Equipos  Div Honor F. Titulo"]
[Site "Aragon"]
[Date "2014.03.30"]
[Round "11.3"]
[White "Antoli Royo, Joaquin Miguel"]
[Black "Lopez Gracia, Fernando"]
[Result "1-0"]
[WhiteElo "2418"]
[BlackElo "2354"]
[PlyCount "43"]
[EventDate "2014.??.??"]
[WhiteTeam "Jaime Casas"]
[BlackTeam "St. Casablanca"]

1. e4 c6 2. Nc3 d5 3. Nf3 Bg4 4. d4 dxe4 5. Nxe4 Nd7 6. Ng3 Ngf6 7. h3 Bxf3 8.
Qxf3 e6 9. Bd3 Bd6 10. O-O O-O 11. Re1 Qb6 12. c3 Rfe8 13. Ne4 Be7 14. Bf4 c5
15. dxc5 Nxc5 16. Nxf6+ Bxf6 17. Be3 Rad8 18. Red1 Rd5 19. b4 Qd8 20. Bxc5 b6
21. Bd4 e5 22. Be4 1-0

[Event "Cto Aragón Equipos  Div Honor F. Titulo"]
[Site "Aragon"]
[Date "2014.03.30"]
[Round "11.4"]
[White "Quintin Navarro, Alberto"]
[Black "Ramiro Ovejero, Juan Luis"]
[Result "1/2-1/2"]
[WhiteElo "2320"]
[BlackElo "2390"]
[PlyCount "66"]
[EventDate "2014.??.??"]
[WhiteTeam "St. Casablanca"]
[BlackTeam "Jaime Casas"]

1. Nf3 d5 2. g3 c6 3. Bg2 Bf5 4. O-O Nf6 5. b3 e6 6. Bb2 Be7 7. d3 O-O 8. Nbd2
a5 9. a3 Nbd7 10. Ra2 Ne8 11. Qa1 Bf6 12. c4 Nd6 13. Rd1 Bxb2 14. Qxb2 Qe7 15.
Ne5 Nxe5 16. Qxe5 a4 17. b4 dxc4 18. Nxc4 Nxc4 19. dxc4 Rfd8 20. Rad2 Bc2 21.
Rxd8+ Rxd8 22. Rxd8+ Qxd8 23. Bf3 h6 24. Kg2 Bb3 25. c5 Bd5 26. Bxd5 exd5 27.
e3 Qd7 28. f3 f6 29. Qf4 Qe6 30. g4 d4 31. exd4 Qe2+ 32. Kg3 Qe1+ 33. Kg2 Qe2+
1/2-1/2

[Event "Cto Aragón Equipos  Div Honor F. Titulo"]
[Site "Aragon"]
[Date "2014.03.30"]
[Round "11.5"]
[White "Moreno Gracia, Daniel"]
[Black "Lana Rodriguez, David"]
[Result "0-1"]
[WhiteElo "2345"]
[BlackElo "2309"]
[PlyCount "170"]
[EventDate "2014.??.??"]
[WhiteTeam "St. Casablanca B"]
[BlackTeam "Helios"]

1. Nf3 c5 2. e3 Nc6 3. c4 Nf6 4. Nc3 d5 5. cxd5 Nxd5 6. Bb5 Nxc3 7. Bxc6+ bxc6
8. dxc3 Qc7 9. Qa4 a5 10. O-O Ba6 11. c4 Bc8 12. Bd2 f6 13. Bc3 e5 14. Nd2 Be7
15. f4 exf4 16. exf4 O-O 17. Rae1 Bd6 18. g3 Bh3 19. Rf3 Rfe8 20. Rfe3 Rxe3 21.
Rxe3 Qd7 22. Qd1 Bf8 23. Qe1 Qf7 24. Qe2 Qg6 25. a3 a4 26. Ne4 Bg4 27. Qd2 Qf7
28. Qd3 Bf5 29. Qe2 h5 30. Nd2 Bg4 31. Qg2 Qd7 32. Qe4 Bf5 33. Qf3 Bg6 34. Kg2
Re8 35. Rxe8 Qxe8 36. f5 Bf7 37. Kf2 Bd6 38. Qe4 Qd7 39. Ke3 Kh8 40. Qd3 Qe7+
41. Qe4 Qc7 42. Nf3 Qb7 43. Qd3 Bf8 44. Nd2 Qc8 45. Kf4 Bg8 46. Ne4 Bh7 47. Nf2
Qb8+ 48. Kf3 Qb3 49. Nd1 Bxf5 50. Qxf5 Qxd1+ 51. Kf2 Qg4 52. Qxg4 hxg4 53. Ke3
Kg8 54. Kf4 Kf7 55. Kxg4 Ke6 56. Kf3 Bd6 57. h3 Be5 58. Bxe5 Kxe5 59. Ke3 f5
60. Kd3 f4 61. gxf4+ Kxf4 62. b3 axb3 63. Kc3 Ke5 64. Kxb3 Kd6 65. Kc3 Kc7 66.
Kd3 Kb6 67. Ke4 Ka5 68. h4 Ka4 69. h5 Kb3 70. Kf5 Kxc4 71. Kg6 Kb3 72. Kxg7 c4
73. h6 c3 74. h7 c2 75. h8=Q c1=Q 76. Qb8+ Kxa3 77. Qa7+ Kb2 78. Kf6 Qh6+ 79.
Ke5 Qg5+ 80. Ke4 Qd5+ 81. Ke3 c5 82. Qg7+ Kc2 83. Qg6+ Kc3 84. Qb1 Qd4+ 85. Ke2
Qd2+ 0-1

[Event "Cto Aragón Equipos  Div Honor F. Titulo"]
[Site "Aragon"]
[Date "2014.03.30"]
[Round "11.6"]
[White "Guzman Moneo, Alberto"]
[Black "Villuendas Valero, Adrian"]
[Result "0-1"]
[WhiteElo "2170"]
[BlackElo "2276"]
[PlyCount "136"]
[EventDate "2014.??.??"]
[WhiteTeam "Helios"]
[BlackTeam "St. Casablanca B"]

1. e4 e6 2. d4 d5 3. Nd2 Be7 4. e5 c5 5. Qg4 Kf8 6. dxc5 Nd7 7. Nb3 Nxe5 8. Qg3
Nc6 9. c3 Nf6 10. Bb5 Ne4 11. Qe3 Na5 12. Qe2 Nxb3 13. axb3 Nxc5 14. Ra3 Bd7
15. b4 Bxb5 16. Qxb5 a6 17. Qe2 Ne4 18. Nf3 Rc8 19. O-O Qc7 20. Be3 Nd6 21.
Raa1 Nf5 22. Nd4 Nxd4 23. Bxd4 Bf6 24. Rad1 Bxd4 25. Rxd4 g6 26. Qe3 h6 27.
Rfd1 Kg7 28. h4 Rhe8 29. g3 Rcd8 30. Qd2 Rd7 31. Qe3 Red8 32. f4 Re7 33. Re1
Rde8 34. Qe5+ Qxe5 35. fxe5 Rc7 36. Kf2 Rec8 37. Ke3 Rc4 38. Red1 Rxd4 39. Rxd4
f6 40. exf6+ Kxf6 41. Rf4+ Ke7 42. Rg4 Rg8 43. c4 Kd6 44. cxd5 exd5 45. Rf4 Ke6
46. Kd4 g5 47. hxg5 Rxg5 48. g4 Rg7 49. b3 b6 50. Kd3 Rf7 51. Rd4 Rf3+ 52. Kc2
Ke5 53. Rd2 d4 54. Re2+ Re3 55. Rh2 Rc3+ 56. Kb2 Rc6 57. Rh5+ Ke4 58. g5 hxg5
59. Rxg5 d3 60. Rg4+ Kf3 61. Rd4 Ke2 62. Re4+ Kd2 63. Re8 Rc2+ 64. Kb1 Kc3 65.
b5 axb5 66. b4 Rb2+ 67. Ka1 Rxb4 68. Rd8 Kc2 0-1

[Event "Cto Aragón Equipos  Div Honor F. Titulo"]
[Site "Aragon"]
[Date "2014.03.30"]
[Round "11.8"]
[White "Cerrajeria Ruiz, Jesus Maria"]
[Black "Antonano Fedz-Quincoces, Aveli"]
[Result "1-0"]
[WhiteElo "2140"]
[BlackElo "2047"]
[PlyCount "29"]
[EventDate "2014.??.??"]
[WhiteTeam "Helios"]
[BlackTeam "St. Casablanca B"]

1. g3 f5 2. e4 fxe4 3. d3 exd3 4. Bxd3 Nf6 5. g4 g6 6. g5 Nh5 7. Ne2 d5 8. Ng3
Ng7 9. Nc3 Be6 10. h4 Qd7 11. h5 Bg4 12. Be2 Bxe2 13. Qxe2 gxh5 14. Nxh5 Nc6
15. Nf6+ 1-0

[Event "Cto Aragón Equipos  Div Honor F. Titulo"]
[Site "Aragon"]
[Date "2014.03.30"]
[Round "11.13"]
[White "Gil Capape, Marco Antonio"]
[Black "Del Rey, Diego"]
[Result "0-1"]
[WhiteElo "2061"]
[BlackElo "2373"]
[PlyCount "116"]
[EventDate "2014.??.??"]
[WhiteTeam "Caissa-Hnos Cortes"]
[BlackTeam "El Olivar"]

1. e4 c5 2. Nc3 e6 3. Nf3 Nc6 4. d4 cxd4 5. Nxd4 Qc7 6. Ndb5 Qb8 7. Be3 Nf6 8.
a3 Be7 9. f4 d6 10. Be2 O-O 11. O-O Rd8 12. Bf3 Bd7 13. Qe1 a6 14. Nd4 Qc7 15.
Nb3 b5 16. Qf2 Rab8 17. Kh1 Be8 18. Rad1 Nd7 19. Ne2 Nb6 20. Nbd4 Nc4 21. Bc1
Nxd4 22. Nxd4 Qc5 23. b3 Nb6 24. Be3 Qc7 25. f5 e5 26. f6 Bxf6 27. Nf5 Nc8 28.
Bh5 Kh8 29. Nh6 Qe7 30. Ng4 Bh4 31. g3 Bc6 32. gxh4 Bxe4+ 33. Kg1 f6 34. Bc1 d5
35. Ne3 d4 36. Nf5 Qc7 37. Nh6 Nd6 38. Bd2 gxh6 39. Qxf6+ Qg7+ 40. Qxg7+ Kxg7
41. Bb4 Bg6 42. Bxg6 hxg6 43. c3 Nf5 44. cxd4 exd4 45. h5 Ne3 46. Be7 Nxf1 47.
Bxd8 Rxd8 48. Kxf1 gxh5 49. Ke2 Kf6 50. Kd3 Rd6 51. Re1 Kg5 52. Re4 h4 53. h3
h5 54. a4 b4 55. Rxd4 Rxd4+ 56. Kxd4 Kf4 57. Kc5 Kg3 58. Kxb4 Kxh3 0-1

[Event "Cto Aragón Equipos  Div Honor F. Titulo"]
[Site "Aragon"]
[Date "2014.03.30"]
[Round "11.14"]
[White "Palacios Latasa, Elias"]
[Black "Carraminana Lopez, Luis Antoni"]
[Result "1-0"]
[WhiteElo "2232"]
[BlackElo "2009"]
[PlyCount "73"]
[EventDate "2014.??.??"]
[WhiteTeam "El Olivar"]
[BlackTeam "Caissa-Hnos Cortes"]

1. e4 c6 2. d4 d5 3. exd5 cxd5 4. c4 Nf6 5. Nc3 g6 6. cxd5 Bg7 7. Qb3 O-O 8.
Nge2 Nbd7 9. g3 Nb6 10. Bg2 Bf5 11. O-O a5 12. a4 Qd6 13. Nb5 Qb4 14. Qxb4 axb4
15. d6 exd6 16. Nxd6 Bd3 17. Re1 Rxa4 18. Rxa4 Nxa4 19. Nf4 Rd8 20. Nxb7 Rxd4
21. Rd1 Bh6 22. Rxd3 Bxf4 23. Rxd4 Bxc1 24. Rc4 Bd2 25. b3 Nc3 26. Kf1 Nb5 27.
Nc5 Na3 28. Rd4 Bc3 29. Rd8+ Kg7 30. Ne4 Nxe4 31. Bxe4 f5 32. Bd3 Kf6 33. Ke2
Kg5 34. Rd7 h5 35. Rd6 h4 36. gxh4+ Kh5 37. Rb6 1-0

[Event "Cto Aragón Equipos  Div Honor F. Titulo"]
[Site "Aragon"]
[Date "2014.03.30"]
[Round "11.16"]
[White "Melendez Fierro, Juan Bautista"]
[Black "Minguez Guinda, Andres"]
[Result "1-0"]
[WhiteElo "2157"]
[BlackElo "1911"]
[PlyCount "83"]
[EventDate "2014.??.??"]
[WhiteTeam "El Olivar"]
[BlackTeam "Caissa-Hnos Cortes"]

1. e4 c5 2. Nf3 Nc6 3. Bb5 g6 4. O-O Bg7 5. Re1 Nf6 6. c3 O-O 7. d4 cxd4 8.
cxd4 d5 9. e5 Ne4 10. Nc3 Nxc3 11. bxc3 e6 12. h4 h5 13. Ba3 Re8 14. Ng5 f6 15.
Bd3 f5 16. Rb1 Bf8 17. Bxf8 Rxf8 18. Qd2 Qe7 19. Qb2 b6 20. Bb5 Nd8 21. Qb4
Qxb4 22. cxb4 a6 23. Be2 Nf7 24. Nh3 Bd7 25. Nf4 Kg7 26. Rec1 Rfc8 27. Rxc8
Rxc8 28. Bxa6 Rc7 29. a4 g5 30. hxg5 Nxg5 31. Nxh5+ Kh6 32. Nf4 Bxa4 33. Bd3
Bd7 34. Ra1 Bc8 35. Ra8 Nf7 36. Rb8 Nd8 37. b5 Nb7 38. Kh2 Kh7 39. Nxd5 exd5
40. Rxc8 Rf7 41. Bxf5+ Rxf5 42. Rc7+ 1-0

[Event "Cto Aragón Equipos Div.  Honor F. Desce"]
[Site "Aragon"]
[Date "2014.03.30"]
[Round "11.17"]
[White "Laliena Solanes, Luis"]
[Black "Garcia Fernandez, Javier"]
[Result "1/2-1/2"]
[WhiteElo "2147"]
[BlackElo "2174"]
[PlyCount "24"]
[EventDate "2014.??.??"]
[WhiteTeam "ONCE CA Aragon"]
[BlackTeam "Teruel"]

1. e4 c5 2. b3 Nc6 3. Bb2 d6 4. Nc3 Nf6 5. Bb5 Bd7 6. f4 Qb6 7. a4 a6 8. Bxc6
Bxc6 9. Qe2 O-O-O 10. Nf3 h6 11. O-O-O e6 12. d4 d5 1/2-1/2

[Event "Cto Aragón Equipos Div.  Honor F. Desce"]
[Site "Aragon"]
[Date "2014.03.30"]
[Round "11.18"]
[White "Dominguez Bujeda, Jesus"]
[Black "Latorre Abad, Fernando"]
[Result "0-1"]
[WhiteElo "2171"]
[BlackElo "2069"]
[PlyCount "20"]
[EventDate "2014.??.??"]
[WhiteTeam "Teruel"]
[BlackTeam "ONCE CA Aragon"]

1. d4 Nf6 2. c4 e6 3. Nc3 Bb4 4. Qc2 O-O 5. e4 c5 6. dxc5 Qc7 7. Nf3 Bxc5 8.
Be2 Nc6 9. O-O Ng4 10. h3 Nd4 0-1

[Event "Cto Aragón Equipos Div.  Honor F. Desce"]
[Site "Aragon"]
[Date "2014.03.30"]
[Round "11.19"]
[White "Fuertes Garay, Javier"]
[Black "Martin Catalan, Juan Vicente"]
[Result "1/2-1/2"]
[WhiteElo "2097"]
[BlackElo "2102"]
[PlyCount "42"]
[EventDate "2014.??.??"]
[WhiteTeam "ONCE CA Aragon"]
[BlackTeam "Teruel"]

1. e4 c5 2. Nf3 g6 3. d4 cxd4 4. Nxd4 Bg7 5. Nc3 Nc6 6. Be3 Nf6 7. Qd2 O-O 8.
O-O-O d5 9. Nxc6 bxc6 10. Be2 Qa5 11. Kb1 Rb8 12. Bd4 Qa3 13. Nb5 Qa6 14. Nd6
Qa4 15. e5 Nd7 16. Nxc8 Rfxc8 17. e6 Bxd4 18. exf7+ Kxf7 19. Qxd4 Qxd4 20. Rxd4
e5 21. Rd2 Re8 1/2-1/2

[Event "Cto Aragón Equipos Div.  Honor F. Desce"]
[Site "Aragon"]
[Date "2014.03.30"]
[Round "11.20"]
[White "Abancens Fernandez, Bernardo"]
[Black "Soriano Gracia, Manuel"]
[Result "0-1"]
[WhiteElo "1941"]
[BlackElo "1782"]
[PlyCount "60"]
[EventDate "2014.??.??"]
[WhiteTeam "Teruel"]
[BlackTeam "ONCE CA Aragon"]

1. d4 d5 2. c4 c6 3. cxd5 cxd5 4. Nc3 Nc6 5. Bf4 Nf6 6. e3 e6 7. Bd3 a6 8. Nf3
Be7 9. Rc1 Bd7 10. h3 Rc8 11. O-O O-O 12. Ne5 Nxe5 13. Bxe5 b5 14. Qf3 Qa5 15.
a3 Rc6 16. e4 dxe4 17. Nxe4 Nxe4 18. Bxe4 Rxc1 19. Rxc1 Rc8 20. Rxc8+ Bxc8 21.
b4 Qd8 22. Qc3 f6 23. Bc7 Qd7 24. Qc6 Qxc6 25. Bxc6 Kf7 26. f4 g5 27. Kf2 gxf4
28. Kf3 Bf8 29. Bxf4 Ke7 30. Kg4 e5+ 0-1

[Event "Cto Aragón Equipos Div.  Honor F. Desce"]
[Site "Aragon"]
[Date "2014.03.30"]
[Round "11.24"]
[White "Felez Casedas, Carlos"]
[Black "Gomez Zazurca, Rodolfo"]
[Result "1/2-1/2"]
[WhiteElo "2019"]
[BlackElo "1762"]
[PlyCount "43"]
[EventDate "2014.??.??"]
[WhiteTeam "L´Aurora Estadilla"]
[BlackTeam "Club atletismo Huesca"]

1. e4 d6 2. d4 Nf6 3. Nc3 e5 4. Nf3 Nbd7 5. Bc4 Be7 6. O-O O-O 7. Qe2 c6 8. a4
b6 9. b3 a6 10. Rd1 Qc7 11. Ba3 b5 12. dxe5 Nxe5 13. Nxe5 dxe5 14. Bxe7 Qxe7
15. axb5 Bg4 16. f3 axb5 17. fxg4 Qc5+ 18. Kh1 bxc4 19. Na4 Qb4 20. g5 cxb3 21.
gxf6 Rxa4 22. Rxa4 1/2-1/2

[Event "Cto Aragón Equipos Div.  Honor F. Desce"]
[Site "Aragon"]
[Date "2014.03.30"]
[Round "11.25"]
[White "Ramon Perez, Jose Luis"]
[Black "Sanmartin Agustin, Borja"]
[Result "1/2-1/2"]
[WhiteElo "2238"]
[BlackElo "2024"]
[PlyCount "20"]
[EventDate "2014.??.??"]
[WhiteTeam "Agrupacion"]
[BlackTeam "El Olivar B"]

1. b3 e5 2. Bb2 Nc6 3. e3 Nf6 4. c4 d5 5. cxd5 Nxd5 6. Nf3 Bd6 7. Nc3 Nxc3 8.
Bxc3 O-O 9. Qc2 Qe7 10. h4 h6 1/2-1/2